Михаил Юрьевич Лермонтов. Жизнь и творчество: приложение к факсимильному изданию; Михаил Юрьевич Лермонтов. Жизнь и творчество; П. А. Висковатый - биограф Лермонтова; Комментарии к тексту книги П. А. Висковатого; Альбом иллюстраций к тексту книги П. А. Висковатого

Podrobná bibliografie
Hlavní autor: Висковатый П. А. Павел Александрович
Shrnutí:Издана в одной коробке с книгой 90-3843.
В указателе имен даны краткие биографические сведения.
Jazyk:ruština
Vydáno: Москва, Книга, 1989
TOC:В. А. Мануйлов, Л. Н. Назарова, П. А. Висковатый - биограф Лермонтова;
В. А. Захаров, Л. Н. Назарова, Комментарии к тексту книги П. А. Висковатого;
Альбом иллюстраций к тексту книги П. А. Висковатого;
Témata:
Médium: Kniha
KOHA link:https://koha.lib.tpu.ru/cgi-bin/koha/opac-detail.pl?biblionumber=153909

MARC

LEADER 00000nam0a2200000 4500
001 153909
005 20231101221727.0
010 |a 5212001315 
035 |a (RuTPU)RU\TPU\book\166957 
090 |a 153909 
100 |a 20090218e1989 m y0rusy50 ca 
101 0 |a rus 
102 |a RU 
105 |a ac z 001zd 
200 1 |a Михаил Юрьевич Лермонтов. Жизнь и творчество  |e приложение к факсимильному изданию  |f П. А. Висковатый  
210 |a Москва  |c Книга  |d 1989 
215 |a 335 с.  |c ил., портр.  |d 17 см. 
300 |a Издана в одной коробке с книгой 90-3843. 
300 |a В указателе имен даны краткие биографические сведения. 
320 |a Указатель произведений М. Ю. Лермонтова: с. 291-298. 
320 |a Указатель имен: с. 299-335. 
422 1 |0 (RuTPU)RU\TPU\book\166947  |t Михаил Юрьевич Лермонтов. Жизнь и творчество  |f П. А. Висковатый   |c [М.]  |n [Книга]  |d [1989]  |p 454 с., 24 с. прилож.  |a Висковатый , Павел Александрович 
464 |t П. А. Висковатый - биограф Лермонтова  |f В. А. Мануйлов, Л. Н. Назарова 
464 |t Комментарии к тексту книги П. А. Висковатого  |f В. А. Захаров, Л. Н. Назарова 
464 |t Альбом иллюстраций к тексту книги П. А. Висковатого 
600 1 |a Висковатый  |b П. А.  |c Висковатов  |c профессор Дерптского университет  |f 1842-1905  |g Павел Александрович  |2 stltpush  |3 (RuTPU)RU\TPU\pers\23489  |9 10244 
600 1 |a Лермонтов  |g Михаил Юрьевич  |c русский поэт  |f 1814-1841  |c писатель  |b М. Ю.  |2 stltpush  |3 (RuTPU)RU\TPU\pers\1023 
610 1 |a русская литература 
610 1 |a русские поэты 
610 1 |a 19 век 
686 |a Ч611.68  |v LBC/SL-A  |2 rubbk 
700 1 |a Висковатый  |b П. А.  |c Висковатов  |c профессор Дерптского университет  |f 1842-1905  |g Павел Александрович  |2 stltpush  |3 (RuTPU)RU\TPU\pers\23489  |9 10244 
801 1 |a RU  |b 63413507  |c 20090218  |g PSBO 
801 2 |a RU  |b 63413507  |c 20090305  |g PSBO 
942 |c BK